| 000 | 00653cam a2200241ua 4500 | ||
|---|---|---|---|
| 020 |
_a81-224-0499-5 _c120.00 |
||
| 041 |
_aeng _h |
||
| 082 |
_a549 _bCHA/IN |
||
| 100 | _aChatterjee, Kaulir kisor . | ||
| 245 |
_aIntroduction to mineral economics / _cKaulir kisor Chatterjee. _hTextual Documents |
||
| 250 |
_a1 / _b. |
||
| 260 |
_aNew Delhi : _bWiley Eastern Ltd , _c1993. |
||
| 300 |
_a353 : _b` ; . |
||
| 365 | _a120.00 | ||
| 504 | _a | ||
| 650 | _amineral information system | ||
| 650 | _aMineral inventory, | ||
| 650 | _amineral production | ||
| 650 | _aMines | ||
| 942 | _cBK | ||
| 999 |
_c1790 _d1790 |
||